Thơ Trần Đăng Khoa

Tập sách nhỏ này giới thiệu giới thiệu những bài thơ tiêu biểu của Trần Đăng Khoa trong suốt quá trình sáng tác từ năm 1966 đến năm 1999.

Đã lưu trong:
书目详细资料
主要作者: Trần, Đăng Khoa
格式: 图书
语言:Undetermined
出版: Thành phố Hồ Chí Minh Văn Nghệ 2000
主题:
标签: 添加标签
没有标签, 成为第一个标记此记录!
Thư viện lưu trữ: Trung tâm Học liệu Trường Đại học Cần Thơ
LEADER 00829nam a2200217Ia 4500
001 CTU_37227
008 210402s9999 xx 000 0 und d
020 |c 15000 
082 |a 895.922133 
082 |b Kh401 
100 |a Trần, Đăng Khoa 
245 0 |a Thơ Trần Đăng Khoa 
245 0 |c Trần Đăng Khoa 
260 |a Thành phố Hồ Chí Minh 
260 |b Văn Nghệ 
260 |c 2000 
520 |a Tập sách nhỏ này giới thiệu giới thiệu những bài thơ tiêu biểu của Trần Đăng Khoa trong suốt quá trình sáng tác từ năm 1966 đến năm 1999. 
650 |a Vietnamese literature,Vietnamese poetry 
650 |y 20th century 
904 |i Q. Hiếu (sửa) 
980 |a Trung tâm Học liệu Trường Đại học Cần Thơ